| Tag |
First Indicator |
Second Indicator |
Subfields |
| LEADER |
00000cam a2200000 4500 |
| 001 |
in00000731021 |
| 005 |
20151016072111.0 |
| 008 |
730919s1941 wiua b 00010 eng u |
| 010 |
|
|
|a 41005662
|
| 035 |
|
|
|a (OCoLC)00691833
|
| 035 |
|
|
|9 ADE6148AM
|
| 040 |
|
|
|c MIA
|d TXA
|d UtOrBLW
|
| 049 |
|
|
|a TXAM
|c [102064]
|
| 050 |
|
0 |
|a NK4225
|b .J38
|
| 082 |
0 |
|
|a 738
|
| 092 |
|
|
|a 738
|b J52p
|
| 100 |
1 |
|
|a Jenkins, Roy Horace.
|
| 245 |
1 |
0 |
|a Practical pottery for craftsmen and students /
|c [by] R. Horace Jenkins ... Introduction by A. B. Clark ...
|
| 264 |
|
1 |
|a Milwaukee,
|a New York [etc.] :
|b The Bruce publishing company,
|c [1941]
|
| 264 |
|
4 |
|c [©1941]
|
| 300 |
|
|
|a xii pages, 1 , 192 pages including frontispiece, illustrations, tables, diagrams ;
|c 24 cm.
|
| 336 |
|
|
|a text
|b txt
|2 rdacontent
|
| 337 |
|
|
|a unmediated
|b n
|2 rdamedia
|
| 338 |
|
|
|a volume
|b nc
|2 rdacarrier
|
| 504 |
|
|
|a "Suggested readings" page 187.
|
| 650 |
|
0 |
|a Pottery.
|
| 999 |
|
|
|a MARS
|
| 999 |
f |
f |
|s 35ecc7d1-7003-3367-956a-c63cbc59f674
|i 7112d615-a4bc-332e-9a28-5abd330a3aa6
|t 0
|
| 952 |
f |
f |
|p normal
|a Texas A&M University
|b College Station
|c Sterling C. Evans Library
|d Evans: Library Stacks
|t 0
|e NK4225 .J38
|h Library of Congress classification
|i unmediated -- volume
|m A14801147307
|
| 998 |
f |
f |
|a NK4225 .J38
|t 0
|l Evans: Library Stacks
|